[Event "Balaguer op"]
[Site "?"]
[Date "2011.07.21"]
[Round "5"]
[White "Colovic, A."]
[Black "Ivanov, J."]
[Result "1-0"]
[WhiteElo "2450"]
[BlackElo "2398"]
[PlyCount "97"]
[EventDate "2011.??.??"]
[EventType "swiss"]
[Source "Chessbase"]
[SourceDate "2011.07.29"]

1. e4 e5 2. Nf3 Nc6 3. Bc4 Nf6 4. Ng5 d5 5. exd5 Na5 6. Bb5+ c6 7. dxc6 bxc6 8.
Bd3 Nd5 9. Nf3 Bd6 10. O-O O-O 11. Re1 Qc7 12. Bf1 f5 13. d3 Bb7 14. Nc3 Rae8
15. g3 Nxc3 16. bxc3 c5 17. Bg2 c4 18. Rb1 Bc6 19. Be3 h6 20. d4 e4 21. Ne5
Bxe5 22. dxe5 Qxe5 23. Qd4 Qxd4 24. Bxd4 Ba4 25. Bxa7 Bxc2 26. Rb2 Bd3 27. Rb5
Nc6 28. Bc5 Re5 29. a4 Ra8 30. Ra1 Ra5 31. Rxa5 Nxa5 32. Be3 Kf7 33. h4 Kg6 34.
Bh3 Nb3 35. Ra2 Kh5 36. Bb6 Nc1 37. Ra3 Be2 38. a5 Rd5 39. Bd4 Nb3 40. a6 Nxd4
41. cxd4 c3 42. a7 c2 43. a8=Q c1=Q+ 44. Kh2 Qc4 45. Ra5 Rxa5 46. Qxa5 g6 47.
Bxf5 Qxd4 48. Be6+ g5 49. Qf5 1-0

[Event "Balaguer op"]
[Site "?"]
[Date "2011.07.21"]
[Round "5"]
[White "Guadamuro Torrente, AI."]
[Black "Gomez Ledo, RC."]
[Result "0-1"]
[WhiteElo "2177"]
[BlackElo "2428"]
[PlyCount "52"]
[EventDate "2011.??.??"]
[EventType "swiss"]
[Source "Chessbase"]
[SourceDate "2011.07.29"]

1. e4 e5 2. Nf3 Nc6 3. Bc4 Nf6 4. d3 Bc5 5. c3 O-O 6. Bb3 d5 7. Qe2 a5 8. Bg5
dxe4 9. dxe4 h6 10. Bh4 a4 11. Bc2 b6 12. Bd3 Qd6 13. O-O Nh5 14. Bg3 Qg6 15.
Kh1 Bg4 16. Bb5 Nf4 17. Bxf4 exf4 18. Re1 Rfd8 19. Na3 Ne7 20. h3 Qh5 21. Kh2
c6 22. Bd3 Ng6 23. Nc4 b5 24. Ncd2 Ne5 25. Bc2 Rxd2 26. Qxd2 Nxf3+ 0-1

[Event "Balaguer op"]
[Site "?"]
[Date "2011.07.21"]
[Round "5"]
[White "Gutierrez Martos, FE."]
[Black "Barbero Sendic, A."]
[Result "0-1"]
[WhiteElo "2071"]
[BlackElo "2264"]
[PlyCount "90"]
[EventDate "2011.??.??"]
[EventType "swiss"]
[Source "Chessbase"]
[SourceDate "2011.07.29"]

1. c4 Nf6 2. g3 c6 3. Bg2 d5 4. Nf3 g6 5. O-O Bg7 6. d4 dxc4 7. Na3 O-O 8. Nxc4
Be6 9. Qc2 Bd5 10. Ncd2 Bxf3 11. Nxf3 Nbd7 12. Rd1 Rc8 13. Ne5 e6 14. Bg5 h6
15. Bd2 Qe7 16. Nd3 Rfd8 17. Bb4 Qe8 18. Qa4 Nd5 19. Bd2 Kh7 20. e4 N5b6 21.
Qb4 a5 22. Qb3 a4 23. Qb4 a3 24. Rab1 axb2 25. a4 Qf8 26. Nc5 Nxc5 27. dxc5 Nd7
28. Be3 b6 29. a5 bxc5 30. Qb7 Ne5 31. Rxd8 Qxd8 32. Bf1 Rb8 33. Qa7 Ra8 34.
Qxc5 Qxa5 35. Kg2 Qxc5 36. Bxc5 Nd7 37. Bd6 Ra1 38. Bd3 Be5 39. Bb4 c5 40. Bd2
c4 41. Bc2 Nc5 42. Rf1 Nb3 43. Be3 c3 44. f3 Rxf1 45. Kxf1 Na1 0-1

[Event "Balaguer op"]
[Site "?"]
[Date "2011.07.21"]
[Round "5"]
[White "Hernandez Carmenates, H."]
[Black "Gomez Garrido, C."]
[Result "1/2-1/2"]
[WhiteElo "2570"]
[BlackElo "2524"]
[PlyCount "136"]
[EventDate "2011.??.??"]
[EventType "swiss"]
[Source "Chessbase"]
[SourceDate "2011.07.29"]

1. d4 d5 2. c4 c6 3. Nc3 Nf6 4. e3 a6 5. Nf3 b5 6. b3 Bg4 7. Be2 e6 8. O-O Nbd7
9. h3 Bh5 10. Bb2 Qb8 11. cxd5 cxd5 12. Ne5 Bxe2 13. Nxe2 Bd6 14. Nxd7 Nxd7 15.
e4 dxe4 16. d5 e5 17. Ng3 Nf6 18. Rc1 O-O 19. Nf5 g6 20. Qd2 Nh5 21. Nxd6 Qxd6
22. Rc6 Qe7 23. d6 Qe6 24. Qc2 Nf6 25. d7 Qe7 26. Rd1 e3 27. fxe3 Rad8 28. Rxa6
Nxd7 29. Ra7 Qc5 30. Qxc5 Nxc5 31. Rxd8 Rxd8 32. Bxe5 f5 33. Rg7+ Kf8 34. Rxh7
Rd1+ 35. Kh2 Rd2 36. Bc3 Rxa2 37. Rh8+ Kf7 38. Rb8 Rc2 39. Bb4 Nxb3 40. Rxb5
Nd2 41. Bxd2 Rxd2 42. Kg3 Kf6 43. Rb6+ Kg5 44. Kf3 Ra2 45. Rb5 Kf6 46. g4 Rh2
47. Kg3 Re2 48. Rb6+ Kf7 49. Kf4 Rh2 50. Rb7+ Ke6 51. gxf5+ gxf5 52. Rh7 Rf2+
53. Kg3 Ra2 54. Rh6+ Kf7 55. Rd6 Re2 56. Rd3 Kf6 57. Ra3 Ke5 58. Kf3 Rh2 59.
Ra5+ Kf6 60. Ra6+ Kg5 61. Kg3 Re2 62. h4+ Kh5 63. Re6 Re1 64. Re8 Kg6 65. Kf2
Rh1 66. Rh8 Kg7 67. Kg2 Re1 68. Re8 Kf7 1/2-1/2

[Event "Balaguer op"]
[Site "?"]
[Date "2011.07.21"]
[Round "5"]
[White "Iagar, RG."]
[Black "Fernandez Cardoso, A."]
[Result "0-1"]
[WhiteElo "2162"]
[BlackElo "2450"]
[PlyCount "24"]
[EventDate "2011.??.??"]
[EventType "swiss"]
[Source "Chessbase"]
[SourceDate "2011.07.29"]

1. d4 d6 2. Nf3 g6 3. c4 Bg7 4. g3 Nd7 5. Bg2 e5 6. Nc3 Ne7 7. e4 O-O 8. O-O
exd4 9. Nxd4 Nc6 10. Be3 Nde5 11. Qe2 Bg4 12. Nf3 Qf6 0-1

[Event "Balaguer op"]
[Site "?"]
[Date "2011.07.21"]
[Round "5"]
[White "Kovacevic, S."]
[Black "Alvarez Pedraza, A."]
[Result "0-1"]
[WhiteElo "2325"]
[BlackElo "2551"]
[PlyCount "69"]
[EventDate "2011.??.??"]
[EventType "swiss"]
[Source "Chessbase"]
[SourceDate "2011.07.29"]

1. d4 Nf6 2. Nf3 e6 3. Bg5 h6 4. Bh4 d6 5. Nbd2 g5 6. Bg3 Nh5 7. e4 Bg7 8. c3
Nxg3 9. hxg3 Nc6 10. Bd3 Bd7 11. Qe2 g4 12. Nh2 h5 13. Nhf1 Qg5 14. O-O-O O-O-O
15. Kb1 f5 16. f4 gxf3 17. gxf3 f4 18. gxf4 Qxf4 19. Ne3 h4 20. Rdg1 Bh6 21.
Ndf1 e5 22. d5 Nd4 23. cxd4 exd4 24. Bb5 Bxb5 25. Qxb5 Qxf3 26. Nd2 Qxe3 27.
Rd1 h3 28. Ka1 a6 29. Qc4 Bf4 30. Rhe1 h2 31. Nb1 Rdg8 32. Rxe3 Bxe3 33. e5
h1=Q 34. Rxh1 Rxh1 35. exd6 0-1

[Event "Balaguer op"]
[Site "?"]
[Date "2011.07.21"]
[Round "5"]
[White "Mellado Triviño, J."]
[Black "Quintas Galeano, L."]
[Result "1-0"]
[WhiteElo "2433"]
[BlackElo "2155"]
[PlyCount "68"]
[EventDate "2011.??.??"]
[EventType "swiss"]
[Source "Chessbase"]
[SourceDate "2011.07.29"]

1. e4 c6 2. Nf3 d5 3. exd5 cxd5 4. Ne5 Nf6 5. d4 g6 6. Nc3 Bg7 7. Bf4 a6 8. Qd2
Bf5 9. Be2 Nc6 10. g4 Be6 11. f3 Qa5 12. h4 Nd7 13. Nxc6 bxc6 14. h5 c5 15.
dxc5 Nxc5 16. h6 Bxc3 17. bxc3 f6 18. g5 Na4 19. gxf6 exf6 20. c4 Qxd2+ 21.
Bxd2 dxc4 22. Rh4 Rc8 23. Rb1 O-O 24. Rb4 Nc5 25. Be3 Rfe8 26. Kf2 c3 27. a4 g5
28. Rhd4 Bf7 29. Rd6 a5 30. Rbb6 Nxa4 31. Rxf6 Nb2 32. Rb7 Rf8 33. Bd4 Nc4 34.
Rf5 Nd6 1-0

[Event "Balaguer op"]
[Site "?"]
[Date "2011.07.21"]
[Round "5"]
[White "Pozo Vera, S."]
[Black "Ramon Solans, A."]
[Result "1-0"]
[WhiteElo "2471"]
[BlackElo "2280"]
[PlyCount "71"]
[EventDate "2011.??.??"]
[EventType "swiss"]
[Source "Chessbase"]
[SourceDate "2011.07.29"]

1. d4 d5 2. c4 c6 3. Nf3 Nf6 4. e3 g6 5. Nc3 Bg7 6. Bd3 O-O 7. h3 a6 8. O-O Bf5
9. Bxf5 gxf5 10. cxd5 cxd5 11. Qb3 b6 12. Bd2 e6 13. Rfc1 Nbd7 14. Ne2 Qb8 15.
Bb4 Rc8 16. Rxc8+ Qxc8 17. Rc1 Qb7 18. Qc2 Bf8 19. Bxf8 Kxf8 20. Nf4 Ne8 21. g4
Nd6 22. Qc7 Qxc7 23. Rxc7 Rd8 24. g5 Nb5 25. Rb7 Ke8 26. a4 Nd6 27. Ra7 a5 28.
Nh5 Rb8 29. Ne5 Nxe5 30. dxe5 Nc4 31. Nf6+ Kd8 32. Rxf7 Nxe5 33. Rxh7 Nf3+ 34.
Kg2 Nxg5 35. Rg7 b5 36. h4 1-0

[Event "Balaguer op"]
[Site "?"]
[Date "2011.07.21"]
[Round "5"]
[White "Ramon Perez, JL."]
[Black "Guerra Mendez, JA."]
[Result "1/2-1/2"]
[WhiteElo "2222"]
[BlackElo "2450"]
[PlyCount "139"]
[EventDate "2011.??.??"]
[EventType "swiss"]
[Source "Chessbase"]
[SourceDate "2011.07.29"]

1. e4 e5 2. Nf3 Nc6 3. Bb5 a6 4. Bxc6 dxc6 5. O-O Bg4 6. h3 Bh5 7. g4 Bg6 8.
Nxe5 Qh4 9. Qf3 f6 10. Nxg6 hxg6 11. Kg2 g5 12. d4 Ne7 13. Rh1 O-O-O 14. Be3
Kb8 15. Nd2 Qh7 16. Kg1 Qg8 17. b4 Ng6 18. c3 Bd6 19. a4 Nf4 20. b5 axb5 21.
axb5 cxb5 22. d5 g6 23. c4 f5 24. Ba7+ Kc8 25. Bd4 bxc4 26. Nxc4 fxe4 27. Nxd6+
cxd6 28. Qxe4 Kd7 29. Bf6 Qxd5 30. Qxd5 Nxd5 31. Bxd8 Rxd8 32. h4 gxh4 33. Rxh4
b5 34. g5 Rf8 35. Rh7+ Kc6 36. Rc1+ Kb6 37. Rd7 Rf5 38. Rxd6+ Ka5 39. Rxg6 Nf4
40. Ra1+ Kb4 41. Rg8 Nh3+ 42. Kg2 Nxg5 43. Rb1+ Kc5 44. Rc8+ Kb6 45. Re8 Nf7
46. Kg3 Rg5+ 47. Kf4 Rc5 48. Re6+ Ka5 49. Rf6 Ne5 50. Ke4 Nc4 51. Kd4 Rc8 52.
f4 Na3 53. Rh1 b4 54. Rf7 Nb5+ 55. Kd3 b3 56. f5 b2 57. Kd2 Nc3 58. Rb7 b1=Q
59. Rbxb1 Nxb1+ 60. Rxb1 Rf8 61. Rf1 Kb6 62. Kd3 Kc6 63. Ke4 Kd6 64. Ra1 Rb8
65. Kf4 Ke7 66. Ra7+ Kf6 67. Ra6+ Kf7 68. Kg5 Rg8+ 69. Kf4 Rg1 70. Ra7+ 1/2-1/2

[Event "Balaguer op"]
[Site "?"]
[Date "2011.07.21"]
[Round "5"]
[White "Tuz, M."]
[Black "Trepat Herranz, J."]
[Result "0-1"]
[WhiteElo "2080"]
[BlackElo "2352"]
[PlyCount "130"]
[EventDate "2011.??.??"]
[EventType "swiss"]
[Source "Chessbase"]
[SourceDate "2011.07.29"]

1. d4 e6 2. c4 b6 3. Nc3 Bb7 4. e3 Nf6 5. Nf3 Bb4 6. Be2 Ne4 7. Qc2 O-O 8. O-O
Bxc3 9. bxc3 d6 10. Nd2 Nxd2 11. Qxd2 Nc6 12. Ba3 Qd7 13. Rad1 Rfd8 14. Qc2 Ba6
15. Bb4 Ne7 16. Rfe1 Qe8 17. Ba3 Nc6 18. Bb4 Ne7 19. Ba3 c5 20. d5 e5 21. e4
Bc8 22. Bd3 Bd7 23. Rb1 f6 24. Bc1 Rac8 25. f4 exf4 26. Bxf4 Ng6 27. Bg3 Rc7
28. Qd2 Ba4 29. Rb2 Re7 30. h3 Ne5 31. Bf1 Qg6 32. Kh2 Bd7 33. Qf2 h6 34. Rd2
Kh8 35. Bxe5 Rxe5 36. Bd3 Rde8 37. Rf1 R8e7 38. Qf4 Qe8 39. Rb2 Qc8 40. Rff2
Be8 41. Qg3 Bd7 42. Rb1 Qe8 43. Rbf1 Bc8 44. Qh4 Rf7 45. Qg3 Kh7 46. Rf4 Kg8
47. h4 Kf8 48. Qg6 Ke7 49. Be2 Qh8 50. Bh5 Rf8 51. R1f3 Kd8 52. Bg4 Rfe8 53.
Bxc8 Kxc8 54. Qg3 R8e7 55. Re3 Kc7 56. Qf3 Qe8 57. g4 h5 58. gxh5 Rxh5 59. Qg3
Qh8 60. Ref3 Rhe5 61. Qg4 Qh7 62. Qg3 g5 63. Rxf6 Rxe4 64. Qxg5 Rxh4+ 65. Kg2
Rh2+ 0-1

[Event "Balaguer op"]
[Site "?"]
[Date "2011.07.21"]
[Round "5"]
[White "Westerinen, H."]
[Black "Codina Garcia, J."]
[Result "1/2-1/2"]
[WhiteElo "2355"]
[BlackElo "2133"]
[PlyCount "54"]
[EventDate "2011.??.??"]
[EventType "swiss"]
[Source "Chessbase"]
[SourceDate "2011.07.29"]

1. e4 e6 2. d4 d5 3. Nd2 Nf6 4. e5 Nfd7 5. f4 c5 6. c3 Nc6 7. Ndf3 cxd4 8. cxd4
g6 9. Bd3 Bg7 10. Ne2 O-O 11. O-O f6 12. Be3 Nb6 13. a3 a5 14. Nc3 Bd7 15. Nb5
f5 16. Nd6 Qc7 17. Rc1 Nc8 18. Nxc8 Rfxc8 19. Rc3 Qb6 20. Qb3 Qa7 21. Rfc1 a4
22. Qd1 Qb6 23. b4 Na7 24. Rxc8+ Rxc8 25. Rxc8+ Nxc8 26. Qc2 Bf8 27. Nd2 Na7
1/2-1/2

[Event "Balaguer op"]
[Site "?"]
[Date "2011.07.22"]
[Round "6"]
[White "Alvarez Pedraza, A."]
[Black "Oms Pallisse, J."]
[Result "1/2-1/2"]
[WhiteElo "2551"]
[BlackElo "2489"]
[PlyCount "39"]
[EventDate "2011.??.??"]
[EventType "swiss"]
[Source "Chessbase"]
[SourceDate "2011.07.29"]

1. e4 c6 2. d4 d5 3. e5 Bf5 4. Nd2 e6 5. Nb3 Nd7 6. Nf3 Ne7 7. Be2 Nc8 8. O-O
Be7 9. a4 O-O 10. a5 a6 11. Be3 Na7 12. Nfd2 Bg6 13. f4 Nb5 14. g4 f6 15. f5
Bf7 16. Nf3 Qc7 17. c4 Na7 18. cxd5 cxd5 19. exf6 Nxf6 20. Ne5 1/2-1/2

[Event "Balaguer op"]
[Site "?"]
[Date "2011.07.22"]
[Round "6"]
[White "Aranzana Areste, A."]
[Black "Westerinen, H."]
[Result "0-1"]
[WhiteElo "2065"]
[BlackElo "2355"]
[PlyCount "130"]
[EventDate "2011.??.??"]
[EventType "swiss"]
[Source "Chessbase"]
[SourceDate "2011.07.29"]

1. e4 Nf6 2. e5 Nd5 3. d4 d6 4. f4 dxe5 5. fxe5 Bf5 6. Bd3 Bxd3 7. Qxd3 e6 8.
Nf3 Be7 9. O-O O-O 10. a3 c5 11. c3 Nc6 12. Nbd2 Nf4 13. Qe4 Ng6 14. Nc4 Qd5
15. Qxd5 exd5 16. Ne3 Rfd8 17. Nf5 Bf8 18. Be3 cxd4 19. cxd4 Rd7 20. b4 Nd8 21.
Rfc1 Ne6 22. g3 Ne7 23. Nxe7+ Bxe7 24. Rc3 Rc7 25. Rac1 Rac8 26. Rxc7 Rxc7 27.
h4 h5 28. Kf2 Kf8 29. Ke2 Ke8 30. Kd3 Kd7 31. Rf1 Rc6 32. b5 Rc4 33. Nd2 Ra4
34. Rxf7 Rxa3+ 35. Ke2 Ke8 36. Rf1 Bd8 37. Nf3 Rb3 38. Ng5 Bxg5 39. hxg5 Rxb5
40. Rh1 g6 41. Rf1 Ng7 42. Rf6 Rb6 43. Bf2 Rc6 44. Ke3 a5 45. Be1 a4 46. Bb4
Ne6 47. Bd6 Nxg5 48. Rxg6 Ne4 49. Rg8+ Kf7 50. Rf8+ Kg7 51. Rb8 Nxd6 52. exd6
Rxd6 53. Rxb7+ Kh6 54. Ra7 Rg6 55. Rxa4 Rxg3+ 56. Ke2 h4 57. Ra5 Rg5 58. Kf3 h3
59. Ra8 Kg7 60. Ra7+ Kg6 61. Ra6+ Kh5 62. Ra8 Kh4 63. Rh8+ Rh5 64. Rf8 Rh7 65.
Rf5 h2 0-1

[Event "Balaguer op"]
[Site "?"]
[Date "2011.07.22"]
[Round "6"]
[White "Barbero Sendic, A."]
[Black "Roeder, M."]
[Result "1-0"]
[WhiteElo "2264"]
[BlackElo "2420"]
[PlyCount "131"]
[EventDate "2011.??.??"]
[EventType "swiss"]
[Source "Chessbase"]
[SourceDate "2011.07.29"]

1. e4 c6 2. Nc3 d5 3. Nf3 Bg4 4. h3 Bxf3 5. Qxf3 Nf6 6. d3 e6 7. Bd2 Bb4 8. e5
Nfd7 9. Qg3 g6 10. Be2 h5 11. h4 Qc7 12. f4 a6 13. O-O-O c5 14. Qf2 Nc6 15. g4
Nd4 16. gxh5 Bxc3 17. Bxc3 Nxe2+ 18. Qxe2 Rxh5 19. d4 b5 20. dxc5 Nxc5 21. Rh3
Ne4 22. Rd4 Rc8 23. Be1 Qb6 24. Qe3 Qc7 25. c3 a5 26. Rh2 Qb7 27. Rc2 Kf8 28.
Kb1 Nc5 29. Rg2 Kg7 30. Rg5 Rch8 31. Rg2 Qc6 32. Qf3 Na4 33. Rc2 Nb6 34. Rdd2
Nc4 35. Rg2 a4 36. Rg5 Kf8 37. Rcg2 Ke8 38. Qd3 Kd8 39. Bf2 Kc8 40. Rxh5 Rxh5
41. Qd4 Na5 42. Qa7 Nb7 43. Qa8+ Kc7 44. Qf8 Qd7 45. b3 Rf5 46. Be3 axb3 47.
axb3 d4 48. cxd4 Qd5 49. Rc2+ Kb6 50. Kb2 Rxf4 51. Bxf4 Qxd4+ 52. Kb1 Qxf4 53.
Qb8 Qf1+ 54. Ka2 b4 55. Qc7+ Ka7 56. Qc4 Qe1 57. Qd4+ Kb8 58. Rd2 Ka8 59. Rf2
Kb8 60. Rxf7 Qe2+ 61. Qb2 Qa6+ 62. Kb1 Qd3+ 63. Qc2 Qd5 64. Rf8+ Ka7 65. Rc8
Qxe5 66. Qf2+ 1-0

[Event "Balaguer op"]
[Site "?"]
[Date "2011.07.22"]
[Round "6"]
[White "Burmakin, V."]
[Black "Hernandez Carmenates, H."]
[Result "1/2-1/2"]
[WhiteElo "2579"]
[BlackElo "2570"]
[PlyCount "41"]
[EventDate "2011.??.??"]
[EventType "swiss"]
[Source "Chessbase"]
[SourceDate "2011.07.29"]

1. d4 Nf6 2. Nf3 e6 3. c4 b6 4. g3 Bb7 5. Bg2 Be7 6. Nc3 O-O 7. O-O Ne4 8. Bd2
f5 9. Qc2 Nxc3 10. Bxc3 Be4 11. Qd2 Bf6 12. Ne1 Bxg2 13. Nxg2 Qe7 14. Rfe1 Nc6
15. e4 fxe4 16. Rxe4 Qf7 17. d5 exd5 18. cxd5 Bxc3 19. bxc3 Na5 20. Rae1 Rae8
21. Rxe8 1/2-1/2

[Event "Balaguer op"]
[Site "?"]
[Date "2011.07.22"]
[Round "6"]
[White "Codina Garcia, J."]
[Black "Lariño Nieto, D."]
[Result "0-1"]
[WhiteElo "2133"]
[BlackElo "2495"]
[PlyCount "46"]
[EventDate "2011.??.??"]
[EventType "swiss"]
[Source "Chessbase"]
[SourceDate "2011.07.29"]

1. d4 Nf6 2. Nf3 g6 3. c4 Bg7 4. g3 c5 5. Bg2 cxd4 6. Nxd4 Qa5+ 7. Nd2 Nc6 8.
Nc2 h5 9. h4 Ng4 10. O-O Nce5 11. a4 g5 12. Nf3 gxh4 13. Nxh4 Nxc4 14. b4 Qc7
15. Ra2 Bf6 16. Nf5 h4 17. e4 h3 18. Qxg4 hxg2 19. Kxg2 d5 20. exd5 Nd6 21.
Nce3 Nxf5 22. Nxf5 Qe5 23. Bb2 Qxd5+ 0-1

[Event "Balaguer op"]
[Site "?"]
[Date "2011.07.22"]
[Round "6"]
[White "Fandiño Reyes, R."]
[Black "Sole Castañe, J."]
[Result "1-0"]
[WhiteElo "2145"]
[BlackElo "1634"]
[PlyCount "49"]
[EventDate "2011.??.??"]
[EventType "swiss"]
[Source "Chessbase"]
[SourceDate "2011.07.29"]

1. Nf3 Nf6 2. g3 d5 3. Bg2 Bf5 4. O-O e6 5. d3 Nbd7 6. c3 Be7 7. Nbd2 c6 8. h3
O-O 9. Nh4 Bg6 10. Nxg6 fxg6 11. Nf3 Qc7 12. Ng5 Qd6 13. e4 h6 14. Nf3 dxe4 15.
dxe4 Nxe4 16. Qe2 Ng5 17. Bxg5 Bxg5 18. Rad1 Qe7 19. Nxg5 hxg5 20. Qd3 Ne5 21.
Qe4 Qf6 22. f4 Nf7 23. Rd7 gxf4 24. Rxf4 Ng5 25. Rxf6 1-0

[Event "Balaguer op"]
[Site "?"]
[Date "2011.07.22"]
[Round "6"]
[White "Fernandez Cardoso, A."]
[Black "Arribas Robaina, M."]
[Result "1/2-1/2"]
[WhiteElo "2450"]
[BlackElo "2292"]
[PlyCount "102"]
[EventDate "2011.??.??"]
[EventType "swiss"]
[Source "Chessbase"]
[SourceDate "2011.07.29"]

1. e4 e6 2. d4 d5 3. Nd2 c5 4. Ngf3 cxd4 5. Nxd4 Nf6 6. e5 Nfd7 7. f4 Nxe5 8.
Nxe6 Bxe6 9. fxe5 Nc6 10. Nf3 Qb6 11. Bd3 Nb4 12. a3 Nxd3+ 13. cxd3 Be7 14. d4
Qb5 15. Bg5 h6 16. Bxe7 Kxe7 17. Qd2 Rhc8 18. Kf2 Rc6 19. Rhc1 Rac8 20. Rxc6
Rxc6 21. h3 Bf5 22. Rc1 Rxc1 23. Qxc1 Kd7 24. Qc5 Qxb2+ 25. Kg3 Be6 26. Qxa7
Qb5 27. Qb8 Qa6 28. Qf8 g6 29. Kh2 Qd3 30. Qb4 Kc8 31. a4 Qc4 32. Qf8+ Kc7 33.
a5 Qb5 34. Qa3 Kb8 35. Nd2 Ka7 36. Nb3 Qc4 37. Qb2 Qb4 38. Qa2 Bf5 39. Nd2 Qxd4
40. Nf3 Qf4+ 41. Kh1 Be4 42. Qf2+ Kb8 43. Qc5 Bxf3 44. Qf8+ Kc7 45. Qd6+ Kc8
46. Qf8+ Kd7 47. Qd6+ Ke8 48. Qb8+ Ke7 49. Qd6+ Ke8 50. Qb8+ Ke7 51. Qxb7+ Kf8
1/2-1/2

[Event "Balaguer op"]
[Site "?"]
[Date "2011.07.22"]
[Round "6"]
[White "Gomez Garrido, C."]
[Black "Colovic, A."]
[Result "1-0"]
[WhiteElo "2524"]
[BlackElo "2450"]
[PlyCount "83"]
[EventDate "2011.??.??"]
[EventType "swiss"]
[Source "Chessbase"]
[SourceDate "2011.07.29"]

1. e4 e5 2. Nf3 Nc6 3. Bb5 Nf6 4. Qe2 a6 5. Ba4 b5 6. Bb3 Bc5 7. c3 d6 8. O-O
O-O 9. Rd1 Bb6 10. h3 h6 11. d3 Re8 12. Nbd2 Ne7 13. Nf1 Ng6 14. Be3 c5 15. a4
Rb8 16. axb5 axb5 17. Ng3 Nf4 18. Qd2 g5 19. d4 c4 20. dxe5 dxe5 21. Qxd8 Bxd8
22. Bc2 Bc7 23. Ra7 Rb7 24. Ra6 Kg7 25. Bc5 N6h5 26. Nf1 Re6 27. Ra8 Rb8 28.
Ra7 Bb6 29. Bxb6 Rbxb6 30. Rd8 Rb7 31. Ra8 Bd7 32. Ne3 Re7 33. Rg8+ Kf6 34. Nh2
Be6 35. g3 Nxh3+ 36. Kg2 Red7 37. Nhg4+ Ke7 38. Rge8+ Kd6 39. Kxh3 Ng7 40. Rg8
h5 41. Rxg7 hxg4+ 42. Kg2 1-0

[Event "Balaguer op"]
[Site "?"]
[Date "2011.07.22"]
[Round "6"]
[White "Gomez Ledo, RC."]
[Black "Ramon Perez, JL."]
[Result "1/2-1/2"]
[WhiteElo "2428"]
[BlackElo "2222"]
[PlyCount "40"]
[EventDate "2011.??.??"]
[EventType "swiss"]
[Source "Chessbase"]
[SourceDate "2011.07.29"]

1. d4 e6 2. c4 f5 3. g3 Nf6 4. Bg2 c6 5. Nf3 d5 6. O-O Bd6 7. b3 Qe7 8. Bb2 O-O
9. Qc1 b6 10. Ba3 Bb7 11. Bxd6 Qxd6 12. Qf4 Qe7 13. cxd5 cxd5 14. Rc1 Nc6 15.
Nc3 Ne4 16. Qe3 Rac8 17. Nxe4 fxe4 18. Ne5 Nxe5 19. dxe5 Rc5 20. Bh3 Rfc8
1/2-1/2

[Event "Balaguer op"]
[Site "?"]
[Date "2011.07.22"]
[Round "6"]
[White "Guerra Mendez, JA."]
[Black "Trepat Herranz, J."]
[Result "1-0"]
[WhiteElo "2450"]
[BlackElo "2352"]
[PlyCount "73"]
[EventDate "2011.??.??"]
[EventType "swiss"]
[Source "Chessbase"]
[SourceDate "2011.07.29"]

1. e4 e6 2. d4 d5 3. Nc3 Bb4 4. exd5 exd5 5. Bd3 Nf6 6. Nge2 O-O 7. O-O Bg4 8.
f3 Bh5 9. Nf4 Bg6 10. Nxg6 hxg6 11. Bg5 c5 12. dxc5 Bxc5+ 13. Kh1 Nc6 14. f4 d4
15. Bxf6 gxf6 16. Ne4 Be7 17. f5 Ne5 18. fxg6 fxg6 19. Ng3 Qe8 20. Ne2 Bc5 21.
Nf4 f5 22. Re1 Rf6 23. Re2 Kg7 24. Qg1 Bd6 25. Qxd4 Qh8 26. Rxe5 Bxe5 27. Qxe5
Re8 28. Qd4 Kh6 29. Qxa7 g5 30. Nd5 Rfe6 31. Qf2 Qxb2 32. Rf1 Qe5 33. Nc7 Qxc7
34. Qxf5 g4 35. Qxg4 Qe5 36. Qh4+ Qh5 37. Rf6+ 1-0

[Event "Balaguer op"]
[Site "?"]
[Date "2011.07.22"]
[Round "6"]
[White "Moradiabadi, E."]
[Black "Pozo Vera, S."]
[Result "1-0"]
[WhiteElo "2532"]
[BlackElo "2471"]
[PlyCount "68"]
[EventDate "2011.??.??"]
[EventType "swiss"]
[Source "Chessbase"]
[SourceDate "2011.07.29"]

1. d4 d5 2. c4 c6 3. Nc3 Nf6 4. cxd5 cxd5 5. Bf4 Nc6 6. e3 a6 7. Bd3 Bg4 8.
Nge2 e6 9. Rc1 Bxe2 10. Qxe2 Be7 11. O-O O-O 12. a3 Qa5 13. Rc2 Rfc8 14. Rfc1
Na7 15. g4 Qd8 16. Na4 Nd7 17. b4 Rxc2 18. Rxc2 Nc6 19. Bg3 e5 20. Bf5 Nf8 21.
dxe5 Bh4 22. f4 d4 23. Rd2 Bxg3 24. hxg3 Ne6 25. Bxe6 fxe6 26. Qc4 Qe8 27. Nc5
dxe3 28. Rd6 Nd8 29. Nxe6 Nf7 30. Ng5 Rc8 31. Qxf7+ Qxf7 32. Nxf7 Rc1+ 33. Kg2
e2 34. Ng5 Rf1 1-0

[Event "Balaguer op"]
[Site "?"]
[Date "2011.07.22"]
[Round "6"]
[White "Perez Cabas, J."]
[Black "Iagar, RG."]
[Result "1/2-1/2"]
[WhiteElo "1959"]
[BlackElo "2162"]
[PlyCount "89"]
[EventDate "2011.??.??"]
[EventType "swiss"]
[Source "Chessbase"]
[SourceDate "2011.07.29"]

1. e4 e6 2. d4 d5 3. Bd3 c5 4. c3 dxe4 5. Bxe4 Nf6 6. Bf3 Nc6 7. Ne2 cxd4 8.
Nxd4 Nxd4 9. Qxd4 Qxd4 10. cxd4 Bd6 11. Nc3 a6 12. O-O Rb8 13. Bg5 b5 14. Bxf6
gxf6 15. Ne4 Ke7 16. Nxd6 Kxd6 17. Bh5 Rd8 18. Rac1 Ke7 19. Rc7+ Bd7 20. Rfc1
Rbc8 21. R7c5 a5 22. f4 Rxc5 23. Rxc5 Be8 24. Rc7+ Kf8 25. Kf2 Rxd4 26. Ke3 Rd6
27. g3 Bd7 28. Ra7 a4 29. a3 Ke7 30. Rb7 Rd5 31. Bf3 Rc5 32. Kd4 Rc4+ 33. Kd3
Kd6 34. Bh5 Rc1 35. Bf3 Rf1 36. Be2 Rh1 37. Ke3 Rxh2 38. Bxb5 Bxb5 39. Rxb5 f5
40. Rb4 h5 41. Kd4 Rg2 42. Rxa4 Rxb2 43. Ra6+ Ke7 44. Ke3 Rb3+ 45. Kf2 1/2-1/2

[Event "Balaguer op"]
[Site "?"]
[Date "2011.07.22"]
[Round "6"]
[White "Quintas Galeano, L."]
[Black "Juan Bartroli, P."]
[Result "1-0"]
[WhiteElo "2155"]
[BlackElo "1860"]
[PlyCount "49"]
[EventDate "2011.??.??"]
[EventType "swiss"]
[Source "Chessbase"]
[SourceDate "2011.07.29"]

1. e4 c5 2. Nf3 Nc6 3. c3 d5 4. exd5 Qxd5 5. d4 Bg4 6. Be2 cxd4 7. cxd4 Nf6 8.
Nc3 Qd7 9. d5 Bxf3 10. gxf3 O-O-O 11. dxc6 Qxc6 12. Qa4 Qxa4 13. Nxa4 e6 14.
O-O Rd4 15. Nc3 Nd5 16. Nxd5 Rxd5 17. Be3 Kb8 18. Rfd1 Be7 19. Rxd5 exd5 20.
Rd1 Rd8 21. Bd4 f6 22. f4 Bd6 23. Be3 Bc7 24. Bf3 d4 25. Bxd4 1-0

[Event "Balaguer op"]
[Site "?"]
[Date "2011.07.22"]
[Round "6"]
[White "Ramon Solans, A."]
[Black "Torner Planell, J."]
[Result "1-0"]
[WhiteElo "2280"]
[BlackElo "1935"]
[PlyCount "89"]
[EventDate "2011.??.??"]
[EventType "swiss"]
[Source "Chessbase"]
[SourceDate "2011.07.29"]

1. d3 d5 2. a3 Nf6 3. g3 Bf5 4. Bg2 c6 5. Nf3 h6 6. O-O e6 7. Nbd2 Nbd7 8. Re1
Bc5 9. d4 Bd6 10. c4 O-O 11. b3 Ne4 12. Nxe4 Bxe4 13. Bb2 f5 14. Bh3 Bxf3 15.
exf3 Qf6 16. Qd2 Rae8 17. Re2 Rf7 18. Rae1 Nf8 19. f4 Rfe7 20. Bg2 Kh7 21. h4
h5 22. Bf3 g6 23. c5 Bc7 24. b4 a6 25. a4 Ra8 26. Bc3 Ree8 27. Qd3 Qd8 28. Ra1
Qd7 29. Rb2 Reb8 30. Rab1 Qe8 31. Be2 Nd7 32. Kg2 Bd8 33. b5 axb5 34. axb5 Ba5
35. Bxa5 Rxa5 36. bxc6 bxc6 37. Rxb8 Nxb8 38. Rb7+ Kh6 39. Qb3 Nd7 40. Rc7 Ra8
41. Rxc6 Rb8 42. Qe3 Nf8 43. Rc7 Qd8 44. Qe5 Nd7 45. Rxd7 1-0